Responses for Show #7716 - Monday, March 12, 2018

Contestants

[<< previous game]

Zach Dark, an investment analyst from Hoover, Alabama

Ashley O'Mara, a Ph.D. candidate and teaching associate from Baldwinsville, New York

Mark Ashton, a software engineer from Elmhurst, Illinois (whose 1-day cash winnings total $29,100)

[next game >>]

Jeopardy! Round responses

THE 7 ANCIENT WONDERS
THIS IS NOT A DRILL (OR IS IT?)
REVERSIBLE COMPOUND WORDS
(Alex: Boathouse, houseboat. There's an example for you.)
"M"TERTAINMENT
BEAUTY TRENDS
QUOTH THE AMENDMENT
    $200 1
the pyramids

Mark
    $200 26
(Alex: With less than a minute to go.)

a drill instructor

Zach
    $200 21
turnover and overturn

Mark
    $200 14
Modern Family

Mark
    $200 4
lips

Mark
    $200 3
the Second Amendment

Ashley
    $400 2
the Lighthouse at Alexandria

Zach
    $400 27
(Ashley: What are pants?)

shoes

Ashley
Triple Stumper
    $400 22
upset and setup

Mark
    $400 15
Minecraft

Mark
    $400 8
Dyson

Triple Stumper
    $400 6
the First Amendment

Ashley
    $600 5
Helios

Zach
    $600 28
(Mark: What is a drillion?)

a quadrillion

MarkZach
    $600 23
a gunshot and a shotgun

Ashley
    $600 16
(Zach: What is Miami?)

my house

Zach
Triple Stumper
    $600 9
contouring

Ashley
    $600 7
(Ashley: What's the Sixth Amendment?)

the Fifth Amendment

Ashley
    $800 12
(Mark: Who is Athena?)

Artemis

Mark
Triple Stumper
    $800 29
airplanes

Mark
    $800 24
takeout and outtake

Zach
    $800 17
The Mentalist

Zach
    $800 10
magnets

Ashley
    $800 19
the Fourth

Zach
    $1000 13
(Mark: What is the Parthenon?)
(Ashley: Who is King Tut?)

the Mausoleum at Halicarnassus

MarkAshley
Triple Stumper
    $1000 30
a mandrill

Ashley
    $1000 25
housework and a workhouse

Mark
    $1000 18
Laurie Metcalf

Triple Stumper
    $1000 11
crystals

Mark
    $1000 20
the Tenth

Zach

Scores at the first commercial break (after clue 15):

Mark Ashley Zach
$200 $400 $1,000

Scores at the end of the Jeopardy! Round:

Mark Ashley Zach
$2,000 $1,600 $4,600

Double Jeopardy! Round responses

STRANGE BEDFELLOWS
LITERARY L.A.
MOVIE WORDS
THE LAKE SHOW
EDUCATION
"SHOW" & "TELL"
    $400 6
Khrushchev

Zach
    $400 7
(Ray) Bradbury

Zach
    $400 21
type

Mark
    $400 26
William Tell

Mark
    $400 16
a slate (or blackboard)

Ashley
    $400 1
intelligence

Zach
    $800 10
(Julian) Assange

Mark
    $800 8
a cell phone

Triple Stumper
    $800 22
looping

Mark
    $800 27
Baikal

Ashley
    $800 17
sex education

Zach
    $800 2
show off (or showboat)

Ashley
    $1200 11
(Alex: She called him Mr. Felony.)

Fellini

Mark
    $1200 9
(Mark: Who is Hammett?)

Raymond Chandler

Mark
Triple Stumper
    $1200 23
a fish out of water

Zach
    $3,000 28
(Ashley: What is Lake George?)
(Alex: No, what is [*] in Italy, where he has a home.)

Lake Como

Ashley
    $3,000 18
coding

Zach
    $1200 3
a peep show

Zach
    $1600 12
Houdini

Zach
    $1600 14
White Oleander

Zach
    $1600 24
above the line

Zach
    $1600 30
Louise

Zach
    $1600 19
Newark

Zach
    $1600 4
a telltale

Mark
    $2000 13
Pat Buchanan

Zach
    $2000 15
(Alex: Former police officer [*].)

Joseph Wambaugh

Triple Stumper
    $2000 25
(Alex: There are no lions in Scotland.)

MacGuffin

Zach
    $2000 29
(Mark: What is Canada?)

Australia

Mark
Triple Stumper
    $2000 20
gifted and talented

Triple Stumper
    $2000 5
Telluride

Mark

Scores at the end of the Double Jeopardy! Round:

Mark Ashley Zach
$6,000 $600 $24,000
(lock game)

[wagering suggestions for these scores]

Final Jeopardy! Round responses

FIRST LADY FACTS
(Alex: [To Mark] LBJ gave Bess and Harry Truman the first [*] cards.)
AshleyWhat is Social Security?
$0
MarkWhat is Medicare
$0
ZachWhat is Medicare?
$5,000
Medicare

Final scores:

Mark Ashley Zach
$6,000 $600 $29,000
2nd place: $2,000 3rd place: $1,000 New champion: $29,000

Game dynamics:

Coryat scores:

Mark Ashley Zach
$6,000 $4,200 $22,200
16 R,
5 W
9 R,
4 W
(including 2 DDs)
22 R
(including 1 DD),
1 W

Combined Coryat: $32,400

[game clues] [game scores] [suggest correction]

Game tape date: 2017-12-12
The J! Archive is created by fans, for fans. Scraping, republication, monetization, and malicious use prohibited; this site may use cookies and collect identifying information. See terms. The Jeopardy! game show and all elements thereof, including but not limited to copyright and trademark thereto, are the property of Jeopardy Productions, Inc. and are protected under law. This website is not affiliated with, sponsored by, or operated by Jeopardy Productions, Inc. Join the discussion at JBoard.tv.